<?xml version="1.0" encoding="UTF-8"?>
<record
    xmlns:xsi="http://www.w3.org/2001/XMLSchema-instance"
    xsi:schemaLocation="http://www.loc.gov/MARC21/slim http://www.loc.gov/standards/marcxml/schema/MARC21slim.xsd"
    xmlns="http://www.loc.gov/MARC21/slim">

  <leader>02804nam a2200553Ia 4500</leader>
  <controlfield tag="001">2309</controlfield>
  <controlfield tag="008">241029s9999    xx            000 0 und d</controlfield>
  <datafield tag="010" ind1=" " ind2=" ">
    <subfield code="a">2168</subfield>
  </datafield>
  <datafield tag="041" ind1=" " ind2=" ">
    <subfield code="a">Espa&#xF1;ol</subfield>
  </datafield>
  <datafield tag="082" ind1=" " ind2=" ">
    <subfield code="a">MA-ES 0059 FH 2004.</subfield>
  </datafield>
  <datafield tag="245" ind1=" " ind2="0">
    <subfield code="a">Percepci&#xF3;n que tienen los estudiantes del programa de recuperaci&#xF3;n acad&#xE9;mica para estudiantes con bajo rendimiento acad&#xE9;mico, Centro Universitario Regional del Nordeste (CURNO), a&#xF1;o 2002-2004</subfield>
  </datafield>
  <datafield tag="260" ind1=" " ind2=" ">
    <subfield code="a">Valverde</subfield>
  </datafield>
  <datafield tag="300" ind1=" " ind2=" ">
    <subfield code="a">91</subfield>
  </datafield>
  <datafield tag="520" ind1=" " ind2=" ">
    <subfield code="a">33</subfield>
  </datafield>
  <datafield tag="630" ind1=" " ind2=" ">
    <subfield code="a">Ense&#xF1;anza</subfield>
  </datafield>
  <datafield tag="630" ind1=" " ind2=" ">
    <subfield code="a">Percepci&#xF3;n</subfield>
  </datafield>
  <datafield tag="630" ind1=" " ind2=" ">
    <subfield code="a">Redimiento acad&#xE9;mico</subfield>
  </datafield>
  <datafield tag="650" ind1=" " ind2=" ">
    <subfield code="a">Ense&#xF1;anza</subfield>
  </datafield>
  <datafield tag="690" ind1=" " ind2=" ">
    <subfield code="a">Elaborado</subfield>
  </datafield>
  <datafield tag="700" ind1=" " ind2=" ">
    <subfield code="e">asesor</subfield>
    <subfield code="a">&#xC3;&#x81;vila, Casilda </subfield>
  </datafield>
  <datafield tag="700" ind1=" " ind2=" ">
    <subfield code="e">autor</subfield>
    <subfield code="a">Mart&#xED;nez Vargas, Delsy Josefina</subfield>
  </datafield>
  <datafield tag="700" ind1=" " ind2=" ">
    <subfield code="e">autor</subfield>
    <subfield code="a">Eguren Pe&#xF1;a, Mar&#xED;a T </subfield>
  </datafield>
  <datafield tag="901" ind1=" " ind2=" ">
    <subfield code="a">{"1":"Mart&#xED;nez Vargas","2":"Eguren Pe&#xF1;a"}</subfield>
    <subfield code="b">{"1":"Delsy Josefina","2":"Mar&#xED;a T "}</subfield>
  </datafield>
  <datafield tag="902" ind1=" " ind2=" ">
    <subfield code="a">1</subfield>
  </datafield>
  <datafield tag="903" ind1=" " ind2=" ">
    <subfield code="a">{"1":"&#xC3;&#x81;vila"}</subfield>
    <subfield code="b">{"1":"Casilda "}</subfield>
  </datafield>
  <datafield tag="904" ind1=" " ind2=" ">
    <subfield code="a">Maestr&#xED;a en</subfield>
  </datafield>
  <datafield tag="905" ind1=" " ind2=" ">
    <subfield code="a">Educaci&#xF3;n Superior</subfield>
  </datafield>
  <datafield tag="906" ind1=" " ind2=" ">
    <subfield code="a">2</subfield>
  </datafield>
  <datafield tag="907" ind1=" " ind2=" ">
    <subfield code="a">NO APLICA</subfield>
  </datafield>
  <datafield tag="908" ind1=" " ind2=" ">
    <subfield code="a">NO APLICA</subfield>
  </datafield>
  <datafield tag="909" ind1=" " ind2=" ">
    <subfield code="a">Universidad Aut&#xF3;noma de Santo Domingo (UASD)</subfield>
  </datafield>
  <datafield tag="910" ind1=" " ind2=" ">
    <subfield code="a">NULL</subfield>
    <subfield code="b">NULL</subfield>
  </datafield>
  <datafield tag="911" ind1=" " ind2=" ">
    <subfield code="a">["1"]</subfield>
  </datafield>
  <datafield tag="912" ind1=" " ind2=" ">
    <subfield code="a">NO APLICA</subfield>
  </datafield>
  <datafield tag="913" ind1=" " ind2=" ">
    <subfield code="a">NULL</subfield>
  </datafield>
  <datafield tag="914" ind1=" " ind2=" ">
    <subfield code="a">03 de Mayo de 2004</subfield>
  </datafield>
  <datafield tag="915" ind1=" " ind2=" ">
    <subfield code="a">22/09/14 02:09</subfield>
  </datafield>
  <datafield tag="916" ind1=" " ind2=" ">
    <subfield code="a">NULL</subfield>
  </datafield>
  <datafield tag="917" ind1=" " ind2=" ">
    <subfield code="a">NULL</subfield>
  </datafield>
  <datafield tag="918" ind1=" " ind2=" ">
    <subfield code="a">NO APLICA</subfield>
  </datafield>
  <datafield tag="919" ind1=" " ind2=" ">
    <subfield code="a">["202","284","242"]</subfield>
  </datafield>
  <datafield tag="520" ind1=" " ind2=" ">
    <subfield code="a">El estudio estuvo centrado en analizar la percepci&#xF3;n de los/as estudiantes en relaci&#xF3;n al programa de recuperaci&#xF3;n acad&#xE9;mica para estudiantes de bajo rendimiento en el Centro Universitario Regional del Nordeste (CURNO), 2002-2004.El estudio asumi&#xF3; un dise&#xF1;o exploratorio, dirigido hacia una poblaci&#xF3;n conformada por 64 estudiantes que reciben recuperaci&#xF3;n acad&#xE9;mica, el cual se fundament&#xF3; en los m&#xE9;todos inductivo y anal&#xED;tico. Los instrumentos empleados para la recolecci&#xF3;n de datos fueron: entrevistas, observaciones y cuestionarios.El estudio concluye que el programa de recuperaci&#xF3;n acad&#xE9;mica no tiende una buena aceptaci&#xF3;n, ya que el mismo no responde a las expectativas y necesidades de adquirir un mejor rendimiento y mayores conocimientos. En otro sentido los resultados mostraron que la asistencia por parte de los estudiantes es muy m&#xED;nima, a los cuales no se le da un seguimiento apropiado en cuanto a su avance y rendimiento.El estudio recomienda desarrollar un programa de adaptaci&#xF3;n y ubicaci&#xF3;n a estudiantes de nuevo ingreso resaltando el caso de los estudiantes de educaci&#xF3;n, por ser el grupo que m&#xE1;s demanda de este tipo de ayuda seg&#xFA;n el n&#xFA;mero de estudiantes que est&#xE1; integrado al programa de recuperaci&#xF3;n acad&#xE9;mica.</subfield>
  </datafield>
  <datafield tag="921" ind1=" " ind2=" ">
    <subfield code="a">16</subfield>
  </datafield>
  <datafield tag="922" ind1=" " ind2=" ">
    <subfield code="a">16</subfield>
  </datafield>
  <datafield tag="923" ind1=" " ind2=" ">
    <subfield code="a">0</subfield>
  </datafield>
  <datafield tag="924" ind1=" " ind2=" ">
    <subfield code="a">NO APLICA</subfield>
  </datafield>
  <datafield tag="942" ind1=" " ind2=" ">
    <subfield code="c">Tesis</subfield>
  </datafield>
  <datafield tag="999" ind1=" " ind2=" ">
    <subfield code="c">2168</subfield>
    <subfield code="d">2168</subfield>
  </datafield>
</record>
